00343nam a2200121Ia 450000500170000000800410001708200130005810000170007124500360008826000750012430000120019965000100021120250320014411.0240331s9999 xx 000 0 und d bMOUa894 aMounaguru, C 0aKaala ottathinoode oru kavignan aMadrasbNational Art & Literary Association by South Asian Booksc1994 a96 p ., aPoems